| 000 | 01027nam a2200289 i 4500 | ||
|---|---|---|---|
| 001 | 000027764 | ||
| 003 | DO-SdBNP | ||
| 005 | 20240305110253.0 | ||
| 006 | a||||gr|||| 00| 0 | ||
| 007 | ta | ||
| 008 | 110404e1997 dr a 000 0 spa d | ||
| 040 |
_aDO-SdBNP _bspa _cBNPHU _erda |
||
| 082 | 4 |
_a362.1097293 _bE82u _222 |
|
| 245 | 0 | 0 |
_aESU-96 : _butilización de servicios de salud y satisfacción de los usuarios. |
| 246 | 3 | 0 | _aUtilización de servicios de salud y satisfacción de los usuarios |
| 264 |
_aSanto Domingo : _bFundación Siglo 21, _c1997. |
||
| 300 |
_a129 páginas : _bilustraciones, gráficas ; _c27 cm. |
||
| 336 |
_2rdacontent _atexto _btxt |
||
| 337 |
_2rdamedia _asin mediación _bn |
||
| 338 |
_2rdacarrier _avolumen _bnc |
||
| 590 | _aInventariado, 2023 / MF | ||
| 650 | 4 |
_aServicios de salud _zRepública Dominicana _920952 |
|
| 650 | 4 |
_aAtención médica _zRepública Dominicana _923562 |
|
| 650 | 4 |
_aSatisfacción del paciente _923564 |
|
| 910 | _aValidado. Control de calidad MFF | ||
| 942 |
_2ddc _cLBS1 |
||
| 999 |
_c27256 _d27256 |
||